000 01880nam a2200445 i 4500
001 36090
003 KOSZ 005
005 20201202130335.0
008 970510s1995 pl a f |100 0 pol
015 _aPB 1995/8751
020 _a8386123230
040 _aWA N
_cWA N
_dKOSZ 005/HR
041 0 _apol
_arus
_bpol
046 _k1995
080 _a628.1/.3
080 _a(06)
245 0 0 _aWspółczesne problemy gospodarki wodno-ściekowej :
_b[międzynarodowa konferencja naukowo-techniczna, Koszalin-Kołobrzeg maj 1995] /
_c[kom. nauk. Wojciech Adamski et al.] ; Wyższa Szkoła Inżynierska w Koszalinie. Wydział Budownictwa i Inżynierii Środowiska. Katedra Sieci i Instalacji Sanitarnych, Polskie Zrzeszenie Inżynierów i Techników Sanitarnych. Oddział Koszalin.
260 _aKoszalin :
_bWydaw. Uczelniane WSI,
_c1995.
300 _a[2], 551 s. :
_bmapy, rys., wykr. ;
_c21 cm.
336 _2rdacontent
_aTekst
_btxt
337 _2rdamedia
_aBez urządenia pośredniczącego
_bn
338 _2rdacarrier
_aWolumin
_bnc
380 _aKsiążki
380 _aPublikacje naukowe
388 _a1901-2000
388 _a1989-2000
504 _aBibliogr. przy ref. - Streszcz.
546 _aTekst częśc. ros.
650 4 _aŚcieki
650 4 _aOczyszczalnia ścieków
650 4 _aUzdatnianie wody
650 4 _aGospodarka wodna
655 4 _aMateriały konferencyjne
658 _aInżynieria i technika
700 1 _aAdamski, Wojciech
_d(1950- )
_eRedakcja
710 2 _aWydawnictwo Uczelniane (Wyższa Szkoła Inżynierska ; Koszalin)
_4pbl.
856 _uhttp://dlibra.tu.koszalin.pl/dlibra/docmetadata?id=325&from=&dirids=1&ver_id=&lp=3&QI=
_yBiblioteka Cyfrowa
856 _uhttp://koha.tu.koszalin.pl/cgi-bin/koha/opac-detail.pl?biblionumber=36090
_yKatalog online BPK
942 _2UKD
_cKS
999 _c36090
_d36090